000
00283nam a2200121Ia 4500
005
20251222144712.0
008
251222s9999||||xx |||||||||||||| ||spa||
020
_a
978-9972-234-18-7
082
_a
343.040.2/R46
245
0
_a
Manual Tributario:
264
_b
PacĂfico
942
_c
LIB
999
_c
17883
_d
17883